Szczegóły MARC21

Co mi zostało z tych lat... /

003 -Nazwa inst., której nr kontr. jest w polu 001 [,]
    • @
    • Nazwa instytucji, której n kontrolny jest w polu 001
    • NUKAT
005 -DATA I CZAS OSTATNIEJ MODYFIKACJI [,]
    • @
    • pole kontrolne
    • 20250715173259.0
020 -Międzynarod. znormalizowany nr książki - ISBN [ , ]
    • a
    • Numer ISBN
    • 8386129913 Find
040 -Instytucja sporządzająca opis [ , ]
    • a
    • Instytucja, która sporządziła opis (NP)
    • LUBL M/AB
    • c
    • Instytucja, która sporządziła rekord (NP)
    • LUBL M/AB
    • d
    • Instytucja, która zmodyfikowała rekord (P)
    • LUBL M/IK
    • d
    • Instytucja, która zmodyfikowała rekord (P)
    • WR O/IS
942 -Rodzaj dokumentu [ , ]
    • c
    • Rodzaj dokumentu
    • Książka
100 -Hasło główne - nazwa osobowa [1, ]
    • a
    • Nazwa osobowa (NP)
    • Chądzyńska, Zofia
    • d
    • Daty biograficzne (NP)
    • (1912-2003).
    • 9
    • KHW
    • 28183
240 -Tytuł ujednolicony [1,0]
    • a
    • Tytuł ujednolicony
    • Co mi zostało z tych lat...
    • l
    • Język tekstu
    • (pol.)
    • 9
    • KHW
    • 738925
245 -Strefa tytułu i oznaczenia odpowiedzialności [1,0]
    • a
    • Tytuł
    • Co mi zostało z tych lat... / Find
    • c
    • Pozostałe elementy strefy tytułu i oznaczenia odpowiedzialności (NP)
    • Zofia Chądzyńska.
250 -Strefa wydania [ , ]
    • a
    • Oznaczenie wydania (NP)
    • Wyd. 2.
260 -Strefa adresu wydawniczego [ , ]
    • a
    • Miejsce wydania (P)
    • Łódź :
    • b
    • Nazwa wydawcy (P)
    • Akapit Press,
    • c
    • Data wydania (P)
    • [ca 1998].
300 -Strefa opisu fizycznego [ , ]
    • a
    • Określenie formy książki i/lub objętość (NP)
    • 152 s. ;
    • c
    • Format (NP)
    • 21 cm.
336 -Typ zawartości [ , ]
    • a
    • Termin opisujący typ zawartości
    • Tekst
    • b
    • Kod określający zawartość
    • txt
    • 2
    • Źródło (terminu i kodu)
    • rdacontent
337 -Typ mediów [ , ]
    • a
    • Tryb odtwarzania
    • Bez urządzenia pośredniczącego
    • b
    • Kod typu mediów
    • n
    • 2
    • Źródło (terminu i kodu)
    • rdamedia
338 -Typ/rodzaj nośnika [ , ]
    • a
    • Hasło opisujące typ nośnika
    • Wolumin
    • b
    • Kod typu nośnika
    • nc
    • 2
    • Źródło (terminu i kodu)
    • rdacarrier
380 -Deskryptor - Forma dzieła (P) [ , ]
    • a
    • forma dzieła (NP)
    • Książki
380 -Deskryptor - Forma dzieła (P) [ , ]
    • a
    • forma dzieła (NP)
    • Literatura faktu, eseje, publicystyka
386 -Deskryptor - przynależność kulturowa (P) [ , ]
    • m
    • Wyrażenie wprowadzające (NP)
    • Przynależność kulturowa
    • a
    • Przynależność kulturowa (NP)
    • Literatura polska
388 -Deskryptor - czas powstania dzieła (P) [1, ]
    • a
    • Czas powstania dzieła (NP)
    • 1901-2000
388 -Deskryptor - czas powstania dzieła (P) [1, ]
    • a
    • Czas powstania dzieła (NP)
    • 1989-2000
080 -Uniwersalna Klasyfikacja Dziesiętna [ , ]
    • a
    • Symbol klasyfikacji
    • 884-31
080 -Uniwersalna Klasyfikacja Dziesiętna [ , ]
    • a
    • Symbol klasyfikacji
    • :929(438)"19"Chądzyńska Z.
600 -Hasło przedmiotowe w formie nazwy osobowej [1,7]
    • a
    • Nazwa osobowa
    • Chądzyńska, Zofia
    • d
    • Daty związane z nazwą
    • (1912-2003)
    • 2
    • Źródło terminu
    • DBN
    • 9
    • KHW
    • 738979
600 -Hasło przedmiotowe w formie nazwy osobowej [1,7]
    • a
    • Nazwa osobowa
    • Chądzyńska, Zofia
    • d
    • Daty związane z nazwą
    • (1912-2003)
    • v
    • Określnik formalny
    • pamiętniki.
    • 2
    • Źródło terminu
    • kaba
    • 9
    • KHW
    • 738959
648 -Hasło przedmiotowe - chronologia [ ,7]
    • a
    • Deskryptor chronologiczny
    • 1901-2000
    • 2
    • Źródło terminu
    • DBN
    • 9
    • KHW
    • 721448
650 -Hasło przedmiotowe [ ,7]
    • a
    • Hasło przedmiotowe
    • Emigracja
    • 2
    • Źródło terminu
    • DBN
    • 9
    • KHW
    • 721577
650 -Hasło przedmiotowe [ ,7]
    • a
    • Hasło przedmiotowe
    • Okupacja niemiecka Polski (1939-1945)
    • 2
    • Źródło terminu
    • DBN
    • 9
    • KHW
    • 724275
650 -Hasło przedmiotowe [ ,7]
    • a
    • Hasło przedmiotowe
    • Pisarze polscy
    • 2
    • Źródło terminu
    • DBN
    • 9
    • KHW
    • 721598
650 -Hasło przedmiotowe [ ,7]
    • a
    • Hasło przedmiotowe
    • Polacy za granicą
    • 2
    • Źródło terminu
    • DBN
    • 9
    • KHW
    • 724687
650 -Hasło przedmiotowe [ ,7]
    • a
    • Hasło przedmiotowe
    • Tłumacze i tłumaczki
    • 2
    • Źródło terminu
    • DBN
    • 9
    • KHW
    • 723469
650 -Hasło przedmiotowe [ ,7]
    • a
    • Hasło przedmiotowe
    • Życie kulturalne
    • 2
    • Źródło terminu
    • DBN
    • 9
    • KHW
    • 738817
651 -Hasło przedmiotowe w formie nazwy geograficznej [ ,7]
    • a
    • Nazwa geograficzna
    • Argentyna
    • 2
    • Źródło terminu
    • DBN
    • 9
    • KHW
    • 726859
651 -Hasło przedmiotowe w formie nazwy geograficznej [ ,7]
    • a
    • Nazwa geograficzna
    • Warszawa (woj. mazowieckie)
    • 2
    • Źródło terminu
    • DBN
    • 9
    • KHW
    • 722237
655 -Hasło w funkcji tematu formalnego [ ,7]
    • a
    • Hasło
    • Pamiętniki i wspomnienia
    • 2
    • Źródło terminu
    • DBN
    • 9
    • KHW
    • 723322
658 -Ujęcie treści [ , ]
    • a
    • dziedzina nauki i sztuki/ sfera aktywności życiowej
    • Historia
658 -Ujęcie treści [ , ]
    • a
    • dziedzina nauki i sztuki/ sfera aktywności życiowej
    • Literaturoznawstwo
980 -Symbol UKD [ , ]
    • a
    • UKD
    • 884-31:929(438)"19"Chądzyńska Z.
710 -Hasło dodatkowe - nazwa ciała zbiorowego [2, ]
    • a
    • Nazwa ciała zbiorowego lub nazwa geograficzna jako pierwszy element (NP)
    • Wydawnictwo Akapit Press.
    • 4
    • Kod relacji
    • pbl
    • 9
    • KHW
    • 78482
920 -ISBN [ , ]
    • a
    • ISBN
    • 83-86129-91-3 Find
Lokalizacja Data inwentaryzacji Status udost. Numer inwentarzowy
BG2002-12-091JK.347